000 01150nkm a2200253 i 4500
001 3260
003 ES-MaACL
005 20250713062624.0
007 khrbo
008 050927s1983 sp --- g |001||spa d
100 0 _aAlfonso,
_d1902-1990
_919858
245 1 0 _aFestival Folklorico Internacional [
_hFotografía] /
_cAlfonso (sello).
260 _a[S.l. :
_bs.n.],
_c1983.
300 _a4 fot. :
_bb. y n. ;
_c12 x 18 cm.
500 _aDatos basados en invitación.
518 _aActo organizado por el Ateneo de Madrid en colaboracón con el Círculo Artístico Cultural Hispano-Internacional, celebrado en el salón de actos el lunes, 14 de noviembre de 1983, a las 19:30 h.
610 2 4 _aAteneo de Madrid-
_xActos culturales-
_y1983-
_vFotografías.
_91896
710 2 _aAteneo de Madrid.
_91875
710 2 _aCírculo Artístico Cultural Hispano-Internacional.
_92809
852 _aES-MaACL
_jFOT 126/1983
856 4 _uhttp://www.ateneodemadrid.net/biblioteca_digital/imagenes/1983/0126_01-1983.jpg
_zVer imagen
856 4 _uhttp://www.ateneodemadrid.net/biblioteca_digital/imagenes/1983/0126_02-1983.jpg
_zVer imagen
999 _c3260
_d3260